000 00369nam a2200133Ia 4500
008 151001s9999||||xx |||||||||||||| ||und||
100 _aदुर्गा - भागवत
245 _aदख्खनच्या लोककथा
250 _a2
260 _bचित्रशाळा प्रकाशन
260 _c1955
300 _a116
365 _b7
999 _c951873
_d951870